| 000 | 01146nam a22002417a 4500 | ||
|---|---|---|---|
| 005 | 20080714152944.0 | ||
| 008 | 080714t xxu||||| |||| 00| 0 hin d | ||
| 010 | _aHIN-83841 | ||
| 020 |
_c200.00 _a8188526096 |
||
| 035 | _aHN-56187 | ||
| 037 | _bDBAD / PUB | ||
| 040 |
_aDPL _bHN |
||
| 082 | _a909 | ||
| 245 |
_aविश्व इतिहास ज्ञान कोशः _cउषा दत्त द्वारा संपादित _b(प्रश्नोत्तर) / |
||
| 246 |
_aVishva itihas gyan kosh _bedited by Usha Dutt |
||
| 260 |
_aदिल्ली _bमहानंदा प्रकाशन _c2007 |
||
| 270 |
_aए-1032, नई सब्जी मंडी, आजादपुर _bदिल्ली _e110033 |
||
| 300 |
_a175पृ _c22सेमी(सजिल्द) |
||
| 650 | _aWorld History | ||
| 700 | _aदत्त, उषा | ||
| 942 |
_2ddc _cHN _h909 _mविश्वइ |
||
| 999 |
_c14451 _d14451 |
||